000 00555nam a2200169 a 4500
005 20220608065432.0
008 991125n1944 mx 000 0 spa u
035 _aUPN01000028427
049 _aLT
050 4 _aLB1582 M6.3
_bM6.33
100 1 _aMonroy Padilla, Salvador
_929364
245 1 0 _aHistoria patria :
_bpara uso del tercer grado de la instrucción primaria /
_cSalvador Monroy Padilla.
260 _aMéxico :
_bAvante,
_c1944.
300 _a203 p. :
_bil.
651 4 _aMéxico
_xHistoria
_xEstudio y enseñanza (Elemental)
_95376
905 _aLibro
999 _c28427
_d28427